How to make effective offers to settle (Record no. 68136)

MARC details
000 -LEADER
fixed length control field 00840cam a2200217 4500
001 - CONTROL NUMBER
control field ABS64356
008 - FIXED-LENGTH DATA ELEMENTS--GENERAL INFORMATION
fixed length control field 010831n2001 000 0 eng u
035 ## - SYSTEM CONTROL NUMBER
System control number (Sirsi) u114404
245 ## - TITLE STATEMENT
Title How to make effective offers to settle
260 ## - PUBLICATION, DISTRIBUTION, ETC.
Date of publication, distribution, etc. 2001
490 ## - SERIES STATEMENT
Series statement Commercial Property
Volume/sequential designation 4(2) 19-23 (5)
520 ## - SUMMARY, ETC.
Summary, etc. The Civil Procedure Rules introduced the terms 'part 36 offer', 'part 36 payment' and 'pre-litigation offers'. Advises on how to use these to gain the best benefits and what pitfalls to avoid, providing a brief review and guide to making such offers. Also looks at case law that used these.
590 ## - LOCAL NOTE (RLIN)
Local note ABS
650 ## - SUBJECT ADDED ENTRY--TOPICAL TERM
Topical term or geographic name entry element CIVIL PROCEDURE RULES
650 ## - SUBJECT ADDED ENTRY--TOPICAL TERM
Topical term or geographic name entry element PRE-LITIGATION OFFERS
650 ## - SUBJECT ADDED ENTRY--TOPICAL TERM
Topical term or geographic name entry element PART 36 PAYMENT
650 ## - SUBJECT ADDED ENTRY--TOPICAL TERM
Topical term or geographic name entry element PART 36 OFFER
650 ## - SUBJECT ADDED ENTRY--TOPICAL TERM
Topical term or geographic name entry element LITIGATION
690 ## - LOCAL SUBJECT ADDED ENTRY--TOPICAL TERM (OCLC, RLIN)
Topical term or geographic name as entry element Dispute resolution
9 (RLIN) 6236
942 ## - ADDED ENTRY ELEMENTS (KOHA)
Suppress in OPAC 0
Holdings
Withdrawn status Lost status Source of classification or shelving scheme Damaged status Not for loan Home library Current library Shelving location Date acquired Total Checkouts Full call number Barcode Date last seen Copy number Price effective from Koha item type
    Dewey Decimal Classification     London London Journal article 31/08/2001   ABS64356 114404-1001 06/08/2019 1 06/08/2019 Journal article